Key themes in media theory / (Record no. 2122)

MARC details
000 -LEADER
fixed length control field 00726nam a2200241 a 4500
003 - CONTROL NUMBER IDENTIFIER
control field BD-DhJNU
005 - DATE AND TIME OF LATEST TRANSACTION
control field 20250917041744.0
008 - FIXED-LENGTH DATA ELEMENTS--GENERAL INFORMATION
fixed length control field 070808s2007 enkac e b 001 0 eng d
020 ## - INTERNATIONAL STANDARD BOOK NUMBER
International Standard Book Number 033521813X
020 ## - INTERNATIONAL STANDARD BOOK NUMBER
International Standard Book Number 9780335218134
020 ## - INTERNATIONAL STANDARD BOOK NUMBER
International Standard Book Number 0335218148
020 ## - INTERNATIONAL STANDARD BOOK NUMBER
International Standard Book Number 9780335218141
040 ## - CATALOGING SOURCE
Original cataloging agency BD-DhJNU
Language of cataloging ENG
Transcribing agency BD-DhJNU
Modifying agency BD-DhJNU
082 04 - DEWEY DECIMAL CLASSIFICATION NUMBER
Classification number 302.23 LAK
Edition number 23
100 1# - MAIN ENTRY--PERSONAL NAME
Personal name Laughey, Dan
245 10 - TITLE STATEMENT
Title Key themes in media theory /
Statement of responsibility, etc. Dan Laughey
260 ## - PUBLICATION, DISTRIBUTION, ETC.
Place of publication, distribution, etc. Maidenhead :
Name of publisher, distributor, etc. Open University Press,
Date of publication, distribution, etc. 2007.
306 ## - PLAYING TIME
Playing time vii, 235 p. :
-- ill., port. ;
-- 23 cm.
504 ## - BIBLIOGRAPHY, ETC. NOTE
Bibliography, etc. note Includes bibliographical references (p. 206-222) and index.
650 #0 - SUBJECT ADDED ENTRY--TOPICAL TERM
Topical term or geographic name entry element Mass media
General subdivision Philosophy.
650 #0 - SUBJECT ADDED ENTRY--TOPICAL TERM
Topical term or geographic name entry element Mass media and culture.
942 ## - ADDED ENTRY ELEMENTS (KOHA)
Koha item type Books
Holdings
Withdrawn status Lost status Source of classification or shelving scheme Damaged status Not for loan Collection Home library Current library Shelving location Date acquired Source of acquisition Total checkouts Full call number Barcode Date last seen Copy number Price effective from Koha item type
    Dewey Decimal Classification     Non-fiction Jagannath University Central Library Jagannath University Central Library General stacks 09/17/2025 Purchased   302.23 LAK JNUCL35768 09/17/2025 1 09/17/2025 Books